000 00814nam a22002897a 4500
003 CHAP
005 20220329133510.0
008 971013s1991 r 00010 d
010 _a7096
011 _a8068
035 _a7293
040 _cCHAP
082 _a631.2
_bB3 1991
100 0 0 _aBarnes, Maurice.
_910255
245 _aFarm building construction
250 _a2ed.
260 _aIpswich, England :
_bFarming Press,
_c1991
300 _a222p .
_b: ilus.
500 _a64-63
590 _aBATCH-UPD
_b10
_c20130110
_lUCH01
_h1459
590 _aCONVERSION
_b10
_c20130109
_lUCH01
_h1305
650 1 4 _aConstrucciones rurales.
_927378
700 0 _aMander, Clive.
_970349
901 _aBK
942 _cLIBRO
949 _a631.2 B3
_bBC
_cLIBRO
_d33724000055802
_eLIBRO
_f1991
_gI.166723
_h83141
_i7293
_si
_t124.00
999 _c7096
_d7096